Leichte Fragen- Rückwärts antworten - Statistiken

Allgemein
  • Dieses Quiz wurde 72 mal gespielt
  • Das Durchschnittsergebnis liegt bei 9 aus 10
Antwortstatistiken
Hint Antwort % Korrekt
Was ist die Hauptstadt von Spanien? dirdam
100%
Welcher Monat hat am wenigsten Tage? raurbef
99%
Was ist für die Gezeiten verantwortlich? dnom
97%
Was ist der längste Fluss der Welt? lin
97%
Welches untote Wesen ernährt sich Geschichten zufolge von Blut und schläft in Särgen? ripmav
96%
Was ist das schnellste Landtier? drapeg
94%
Welches Land ist sowohl das längste, als auch schmalste der Welt? elihc
94%
Welcher Planet liegt am nächsten an der Sonne? rukrem
91%
Was pumpt Blut durch den Körper? zreh
91%
Über welche Pflanze wird gesagt, dass ein vierblättriges Exemplar Glück bringt? eelk
90%
Keine übereinstimmenden Quizze gefunden
Verteilung der Resultate
Anzahl Personen mit jedem Resultat
Perzentil nach korrekt beantworteten Fragen
Ihre Resultats-Entwicklung
Sie haben dieses Quiz noch nicht gespielt